000 00492pab a2200181 454500
008 180718b2000 xxu||||| |||| 00| 0 eng d
100 _aClaessens, Stijn
245 _aCorporate performance in the East Asian financial crisis
260 _c2000
300 _ap.23-46
362 _aFeb
650 _aEconomic recession - East Asia
650 _aEconomic recession
700 _aXu, Lixin Colin
700 _aDijankov, Simeon
773 _aWorld Bank Research Observer
909 _a44803
999 _c44803
_d44803